000
00359nam a2200133Ia 4500
008
230411s9999 xx 000 0 und d
041
_a
eng
082
_a
PS/616.89/BHA/B01630
100
_a
Bhatia M S
_9
176403
245
_a
Essentials of Psychiatry
260
_b
CBS Publishers & Distributors
_a
New Delhi
_c
2000
300
_a
130p
999
_c
152934
_d
152934